<?xml version="1.0" encoding="UTF-8"?><marc:collection xmlns:marc="http://www.loc.gov/MARC21/slim">
  <marc:record>
    <marc:leader>00000nam##2200000za#4500</marc:leader>
    <marc:controlfield tag="001">9.571316</marc:controlfield>
    <marc:controlfield tag="003">CaOODSP</marc:controlfield>
    <marc:controlfield tag="005">20210624182650</marc:controlfield>
    <marc:controlfield tag="007">cr |||||||||||</marc:controlfield>
    <marc:controlfield tag="008">150406|1998||||xxc|||||o    f|0| 0 eng|d</marc:controlfield>
    <marc:datafield tag="040" ind1=" " ind2=" ">
      <marc:subfield code="a">CaOODSP</marc:subfield>
      <marc:subfield code="b">eng</marc:subfield>
    </marc:datafield>
    <marc:datafield tag="043" ind1=" " ind2=" ">
      <marc:subfield code="a">n-cn---</marc:subfield>
    </marc:datafield>
    <marc:datafield tag="086" ind1="1" ind2=" ">
      <marc:subfield code="a">TU3-5/98-29E-PDF</marc:subfield>
    </marc:datafield>
    <marc:datafield tag="110" ind1="2" ind2=" ">
      <marc:subfield code="a">Transportation Safety Board of Canada.</marc:subfield>
    </marc:datafield>
    <marc:datafield tag="245" ind1="1" ind2="0">
      <marc:subfield code="a">Loss of control - rotorcraft, Precision Helicopters Inc., Bell 206B C-GPGA, Grande Prairie, Alberta 56 nm SW, 18 July 1998 : </marc:subfield>
      <marc:subfield code="h">[electronic resource]</marc:subfield>
      <marc:subfield code="b">amended report </marc:subfield>
    </marc:datafield>
    <marc:datafield tag="246" ind1="1" ind2=" ">
      <marc:subfield code="i">Variant title : </marc:subfield>
      <marc:subfield code="a">Amended report, aviation occurrence report, loss of control--rotorcraft, Precision Helicopters Inc., Bell 206B C-CPGA, Grande Prairie, Alberta 56 nm SW, 18 July 1998</marc:subfield>
    </marc:datafield>
    <marc:datafield tag="260" ind1=" " ind2=" ">
      <marc:subfield code="a">Gatineau - Quebec : </marc:subfield>
      <marc:subfield code="b">Transportation Safety Board of Canada </marc:subfield>
      <marc:subfield code="c">[1999].</marc:subfield>
    </marc:datafield>
    <marc:datafield tag="300" ind1=" " ind2=" ">
      <marc:subfield code="a">5p.</marc:subfield>
    </marc:datafield>
    <marc:datafield tag="490" ind1="1" ind2=" ">
      <marc:subfield code="a">Aviation investigation report</marc:subfield>
      <marc:subfield code="v">A98W0155</marc:subfield>
    </marc:datafield>
    <marc:datafield tag="500" ind1=" " ind2=" ">
      <marc:subfield code="a">"The Board ... authorized the release of this report on 12 August 1999."--p.5 of 5.</marc:subfield>
    </marc:datafield>
    <marc:datafield tag="590" ind1=" " ind2=" ">
      <marc:subfield code="a">12-18-Supp</marc:subfield>
      <marc:subfield code="b">2012-04-25</marc:subfield>
    </marc:datafield>
    <marc:datafield tag="775" ind1="0" ind2="8">
      <marc:subfield code="t">Perte de maîtrise - giravion, Precision Helicopters Inc., Bell 206B C-GPGA 56 nm au sud-ouest de Grande Prairie (Alberta), 18 juillet 1998 : </marc:subfield>
      <marc:subfield code="w">(CaOODSP)9.601931</marc:subfield>
    </marc:datafield>
    <marc:datafield tag="830" ind1="#" ind2="0">
      <marc:subfield code="a">Aviation investigation report ;</marc:subfield>
      <marc:subfield code="v">A98W0155</marc:subfield>
      <marc:subfield code="w">(CaOODSP)9.504825</marc:subfield>
    </marc:datafield>
    <marc:datafield tag="856" ind1="4" ind2="0">
      <marc:subfield code="a">http://publications.gc.ca</marc:subfield>
      <marc:subfield code="q">PDF</marc:subfield>
      <marc:subfield code="s">71 KB</marc:subfield>
      <marc:subfield code="u">https://publications.gc.ca/collections/collection_2011/bst-tsb/TU3-5-98-29-eng.pdf</marc:subfield>
      <marc:subfield code="y">A98W0155</marc:subfield>
    </marc:datafield>
  </marc:record>
</marc:collection>
